000 00704cab a2200229 4500
001 ABS55823
008 090401t1996 xxu||||| |||| 00| 0 eng d
035 _a(Sirsi) u18982
041 _aeng
245 _aWaste management special
260 _c1996
350 _a0
490 _aNew Civil Engineer
_v26 September 1996, 20-28(8)
520 _aFeature on waste management. Covers the Landfill Tax, the clean-up of the Millennium exhibition site and a round-up of new products for the waste management industry.
650 _aLANDFILL TAX
650 _aMILLENNIUM EXHIBITION
650 _aWASTE INDUSTRY
650 _aWASTE MANAGEMENT
690 _aLAND
942 _n0
948 _c04/03/1997
999 _c12631
_d12631